| 000 | 00600nam a22002057a 4500 | ||
|---|---|---|---|
| 005 | 20260526162244.0 | ||
| 008 | 260526b |||||||| |||| 00| 0 eng d | ||
| 020 |
_a9789360287931 _c3450.00 |
||
| 040 | _aMAIN | ||
| 041 | _aEnglish | ||
| 082 |
_a333.910954 _bWAT |
||
| 100 |
_aPant, Durgesh (ed) _926915 |
||
| 245 | _aWater Resource of Himalaya Region | ||
| 260 |
_aDehradun _bBishan Singh Mahindra Pal Singh _c2026 |
||
| 300 | _a213 | ||
| 650 |
_aUttarakhand Collection : Himalaya Collection _913 |
||
| 700 |
_aSharma, Bhavtosh (ed) _926916 |
||
| 700 |
_aUniyal, D.P. (ed) _926917 |
||
| 942 | _cBK | ||
| 999 |
_c60893 _d60893 |
||